书目信息 |
| 题名: |
毕加索画传
|
|
| 作者: | 海音 著 | |
| 分册: | ||
| 出版信息: | 北京 中国广播电视出版社 2005.08 |
|
| 页数: | 186页 | |
| 开本: | 22cm | |
| 丛书名: | ||
| 单 册: | ||
| 中图分类: | K835.515.72-64 | |
| 科图分类: | K835.515.72-64 | |
| 主题词: | 毕加索-传记-画册 , 地理 | |
| 电子资源: | ||
| ISBN: | 7-5043-4843-0 | |
| 000 | 00595nam0 2200217 450 | |
| 001 | 0640597499 | |
| 005 | 20061011092025.03 | |
| 010 | @a7-5043-4843-0@dCNY 29.80 | |
| 100 | @a20060825d2005 km y0chiy0120 ea | |
| 101 | 0 | @achi |
| 102 | @aCN@b110000 | |
| 200 | 1 | @a毕加索画传@Abi jia suo hua chuan@f海音著@Fhai yin zhu |
| 210 | @a北京@c中国广播电视出版社@d2005.08 | |
| 215 | @a186页@d22cm | |
| 606 | 0 | @a毕加索-传记-画册 |
| 606 | 0 | @a地理 |
| 690 | @aK835.515.72-64@v4 | |
| 692 | @aK835.515.72-64 | |
| 701 | 0 | @a海音@Ahai yin@4著 |
| 801 | 0 | @aCN@c20061011 |
| 905 | @apdsgxy@dK835.515.72-64@eH050 | |
| 毕加索画传/海音著.-北京:中国广播电视出版社,2005.08 |
| 186页;22cm |
| ISBN 7-5043-4843-0:CNY 29.80 |
| ● |
| 相关链接 |
|
|
|
正题名:毕加索画传
索取号:K835.515.72-64/H050
 
预约/预借
| 序号 | 登录号 | 条形码 | 馆藏地/架位号 | 状态 | 备注 |
| 1 | 609921 | 206099210 | 社科库309/309社科库 102排1列1层/ [索取号:K835.515.72-64/H050] | 在馆 | |
| 2 | 609922 | 206099229 | 社科库309/309社科库 102排1列1层/ [索取号:K835.515.72-64/H050] | 在馆 | |
| 3 | 609923 | 206099238 | 社科库309/309社科库 102排1列1层/ [索取号:K835.515.72-64/H050] | 在馆 |